000
00325nam a2200133Ia 4500
008
240624s9999 xx 000 0 und d
041
_a
eng
082
_a
658.45 KAU
100
_a
KAUL ASHA
245
_a
BUSINESS COMMUNICATION
250
_a
(2nd ed.)
260
_c
2009
_a
New Delhi
_b
Prentice-Hall of India
365
_c
RS
_b
36
999
_c
15340
_d
15340